000 00672nam a2200193Ii 4500
003 JO-AjNU
008 230605s9999||||xx |||||||||||||| ||und||
040 _aJO-AjNU
_bara
_erda
_cJO-AjNU
041 _aara
050 1 4 _aPJ7542.J3722 1900
100 3 _aتحقيق وتعليق خفاجي، محمد عبد المنعم,
_eauthor
_924683
245 0 0 _aنقد الشعر لأبي الفرج قدامة بن جعفر
264 3 1 _aبيروت: دار الكتب العلمية، 1900
300 _a216ص
336 _atext
_btxt
_2rdacontent
337 _aunmediated
_bn
_2rdamedia
338 _avolume
_bnc
_2rdacarrier
650 4 _aالشعر العربي - نقد
_924684
999 _aA9130
_c12698
_d12698